00441nam a2200133Ia 4500100001500000650001200015942000700027654003800034245005500072260004600127546001200173999001700185952010500202 aMalik/ S.  aGeneral cBK aIndian boiler regulations 1950 aCommentries on Indian Boiler Regulations 1950 bLaw Publishers (I) PvtaAllahabadc1993 aENGLISH c27672d27672 001040708CRCaCRCEbCRCEd2023-03-17eUBCg360.00l0o p6590r2023-03-17v360.00w2023-03-17yBK